00624nam a2200169 a 450000500170000000800410001702000180005805000240007610000190010024500600011926000390017930000300021852000460024865000180029499900190031295201230033120140412111302.0001117s19uu xx 00 eng d a0-590-48998-4 aM 302.222bF11 1993 aFain, Kathleen aHandsigns :cKathleen Fain.ba sign language alphabet / aNew York :bScholastic Inc,c1993. a1 v. (unp.) ; col. ; ill. a[replaced by "The Before and After Book"] aSing language c103436d103436 00104050aELbELcMd2000-11-17eDonationg126.50l0oM 302.222 F11 1993pE4827r2014-04-12 00:00:00w2014-04-12yBK